| 000 | 00430nam a2200157Ia 4500 | ||
|---|---|---|---|
| 008 | 210716s2009 xx 000 0 und d | ||
| 020 | _a9788131509524 | ||
| 041 | _aeng | ||
| 082 | _a005.8 WHIM | ||
| 100 | _aWhitman, Michael; Mattord, Herbert J. | ||
| 245 | _aPrinciples and practices of information security. | ||
| 250 | _a1 | ||
| 260 |
_aAustralia _bCengage Learning India Pvt Ltd _c2009 |
||
| 300 | _a444 | ||
| 650 | _aNone | ||
| 999 |
_c189644 _d189644 |
||